000 00418nam a2200157Ia 4500
003 IQ-KOUCL
041 _aKurdish
082 _a956,67 cut-289 ز
100 _a20260118u\\\\\\\\\\\y0engy0103\\\\ba
100 _aشاڕۆخ حەسەن زادە
245 0 _aمێژووى ئورارتوو وماننا
250 _aچ1
260 _bجابخابەى شەهاب
_aهەولیر
_c2024
300 _a255
942 _cBk
999 _c186753
_d186753